|
|
|
|
| LEADER |
00949pam a22002418a 4500 |
| 001 |
00023157 |
| 005 |
20171026081022.0 |
| 008 |
110613s1978 ||||||Viesd |
| 041 |
0 |
# |
|a Vie
|
| 082 |
1 |
4 |
|a 895.922 334
|b H430Đ
|
| 100 |
0 |
# |
|a Anh Đức
|
| 245 |
1 |
0 |
|a Hòn đất
|b Tiểu thuyết
|c Anh Đức
|
| 260 |
# |
# |
|a Hà Nội
|b Giáo dục
|c 1978
|
| 300 |
# |
# |
|a 268 tr.
|c 24 cm.
|
| 490 |
0 |
# |
|a Tác phẩm chọn lọc dùng trong nhà trường
|
| 650 |
# |
4 |
|a Văn học hiện đại
|x Tiểu thuyết
|z Việt Nam
|
| 852 |
# |
# |
|b Kho mượn
|j KM.0012239, KM.0012240, KM.0012241, KM.0012242, KM.0012243, KM.0012244, KM.0003623
|
| 852 |
# |
# |
|b Kho đọc
|j KD.0009357
|
| 852 |
# |
# |
|j KM.0012239
|j KM.0012241
|j KM.0012242
|j KM.0003623
|j KD.0009357
|j KM.0012243
|j KM.0012240
|j KM.0012244
|
| 910 |
0 |
# |
|a nhnam
|d 13/06/2011
|
| 980 |
# |
# |
|a Trung tâm Học liệu Lê Vũ Hùng, Trường Đại học Đồng Tháp
|